Pixar Movies! - Statistics

General Stats
  • This quiz has been taken 170 times
    105 since last reset
  • The average score is 24 of 31
Answer Stats
Year Movie % Correct
1995 Toy Story
100%
1999 Toy Story 2
97%
2010 Toy Story 3
97%
2019 Toy Story 4
95%
2006 Cars
92%
2011 Cars 2
90%
2017 Cars 3
88%
1998 A Bug’s Life
85%
2009 Up
85%
2001 Monsters Inc
82%
2013 Monsters University
82%
2004 The Incredibles
82%
2008 WALL-E
82%
2012 Brave
78%
2017 Coco
78%
2003 Finding Nemo
78%
2018 Incredibles 2
78%
2016 Finding Dory
77%
2015 Inside Out
77%
2024 Inside Out 2
75%
2020 Soul
75%
2021 Luca
73%
2007 Ratatouille
70%
2026 Toy Story 5
70%
2022 Turning Red
70%
2023 Elemental
68%
2020 Onward
68%
2022 Lightyear
65%
2015 The Good Dinosaur
57%
2025 Elio
50%
2026 Hoppers
25%
No matching quizzes found
Score Distribution
Percent of People with Each Score
Percentile by Number Answered
Your Score History
You have not taken this quiz since the last reset